2025 UEFA Champions League Teams - Sudden Death - Statistics

General Stats
  • This quiz has been taken 26,261 times
  • The average score is 9 of 36
Answers on the Grid
Answers color-coded by a green-red scale on the quiz's grid according to % correct below.
 
Answer Stats
Answer % Correct
43%
42%
41%
39%
38%
38%
36%
35%
32%
31%
29%
29%
29%
26%
25%
23%
23%
22%
20%
20%
19%
19%
19%
18%
18%
18%
18%
17%
17%
17%
16%
14%
14%
13%
13%
12%
No matching quizzes found
Score Distribution
Percent of People with Each Score
Percentile by Number Answered
Your Score History
You have not taken this quiz